Энциклопедия региональной геологии мира. Западное полушарие (включая Антарктиду и Австралию): пер. с англ.

Dades bibliogràfiques
Altres autors: Фейрбридж Р. У. (редактор)
Sumari:Энциклопедия содержит более 100 статей, посвященных континентам, странам, отдельным регионам и островам. В них приведены сведения по физиографии, палеогеографии, геологическому строение (стратиграфии, тектонике, вулканизму), полезным ископаемым этих регионов. Всесторонне освещены не только развитые страны, но и малоизученные территории. Рассмотрены как континентальные, так и океанические структуры, а также минеральные ресурсы участков морского дна, прилегающих к описываемой территории.
Idioma:rus
Publicat: Ленинград, Недра, 1980
Matèries:
Format: MixedMaterials Llibre
KOHA link:https://koha.lib.tpu.ru/cgi-bin/koha/opac-detail.pl?biblionumber=246005

MARC

LEADER 00000nam0a2200000 4500
001 246005
005 20231101232154.0
035 |a (RuTPU)RU\TPU\book\267443 
090 |a 246005 
100 |a 20131121d1980 km y0rusy50 ca 
101 1 |a rus  |c eng 
102 |a RU 
105 |a a f 001zy 
200 1 |a Энциклопедия региональной геологии мира. Западное полушарие (включая Антарктиду и Австралию)  |e пер. с англ.  |f под ред. Р. У. Фейрбриджа 
210 |a Ленинград  |c Недра  |d 1980 
215 |a 512 с.  |c ил. 
320 |a Библиография в конце глав. 
320 |a Предметно-географический указатель: с. 486-509. 
330 |a Энциклопедия содержит более 100 статей, посвященных континентам, странам, отдельным регионам и островам. В них приведены сведения по физиографии, палеогеографии, геологическому строение (стратиграфии, тектонике, вулканизму), полезным ископаемым этих регионов. Всесторонне освещены не только развитые страны, но и малоизученные территории. Рассмотрены как континентальные, так и океанические структуры, а также минеральные ресурсы участков морского дна, прилегающих к описываемой территории. 
606 1 |a Геология региональная  |2 stltpush  |3 (RuTPU)RU\TPU\subj\6120  |9 34078 
610 1 |a Австралия 
610 1 |a Антарктида 
610 1 |a Вест-Индия 
610 1 |a Океания 
610 1 |a острова Атлантического океана 
610 1 |a острова Индийского океана 
610 1 |a острова Тихого океана 
610 1 |a Северная Америка 
610 1 |a Центральная Америка 
610 1 |a Южная Америка 
610 1 |a энциклопедии 
675 |a 55(1/9)(03)  |v 3 
702 1 |a Фейрбридж  |b Р. У.  |4 340 
801 1 |a RU  |b 63413507  |c 20131121 
801 2 |a RU  |b 63413507  |c 20211208  |g RCR 
942 |c BK